|
|
|
|
| LEADER |
00718nab a2200181 i 4500 |
| 001 |
acta18268 |
| 005 |
20210611140953.0 |
| 008 |
161015s1985 hu o 0|| hun d |
| 022 |
|
|
|a 0236-7718
|
| 040 |
|
|
|a SZTE Egyetemi Kiadványok Repozitórium
|b hun
|
| 041 |
|
|
|a hun
|
| 100 |
1 |
|
|a Nagy L. János
|
| 245 |
1 |
0 |
|a Tiltó szólásaink gyakorisági adatai
|h [elektronikus dokumentum] /
|c Nagy L. János
|
| 260 |
|
|
|c 1985
|
| 300 |
|
|
|a 63-70
|
| 490 |
0 |
|
|a A Juhász Gyula Tanárképző Főiskola tudományos közleményei : tanulmányok a nyelvészet, az irodalom és az esztétika köréből
|v 2
|
| 695 |
|
|
|a Nyelvtudomány
|
| 856 |
4 |
0 |
|u http://acta.bibl.u-szeged.hu/18268/1/jgytf_tudkozl_linguistica_1985_063-070.pdf
|z Dokumentum-elérés
|